1598 1769 1390 1793 1759 1461 1135 1736 1399 1715 1716 1112 1612 1213 1320 1766 1341 1847 1798 1889 1580 1762 1863 1911 1569 1596 1266 1799 1302 1555 1735 1539 1856 1808 1025 1209 1046 1320 1468 1170 1856 1322 1473 2000 1132 1397 1875 1944 1322 1383 1448 1953 1564 1402 1503 1069 1338 1481 1513 1586 1035 1513 1919 1640 1208 1588 1616 1150 1812 1211 1125 1674 1673 1274 1636 1831 1844 1581 1801 1002 1244 1666 1130 1039 1369 1257 1531 1959 1085 1388 1094 1392 1563 1700 1194 1372 1293 1299 1854 BCNSPRNW ULIB Ver.6.0+V

เปลี่ยนเป็นภาษาไทย

Change to English
 แสดงรายละเอียดบรรณานุกรม
  กลับหน้าหลัก

Brief Record : Get Marc (ISO 2709) : E-mail record : QR code < ปิดหน้าต่าง
LEADER : 00000nam 2200000uu 4500
001    13399127251
003     ULIB
008    200303s2562||||th 000 0 tha d
020    ^a9786164220386
060    ^aWS300 T355
100    ^aชาญชัย ไตรวารี, บรรณาธิการ
245    ^aTextbook of benign hematological disorders in children & adolescents (ตำราโลหิตวิทยาในเด็กและวัยรุ่น)
260    ^aกรุงเทพฯ :^bโครงการตำราวิทยาลัยแพทยศาสตร์พระมงกุฎเกล้า,^c2562
300    ^a396 หน้า :^bภาพประกอบ ;^c26 ซม.
650    ^aHematologic diseases
650    ^aChildren
650    ^aเลือด -- โรค -- ในวัยทารกและวัยเด็ก
650    ^aเลือด -- โรค -- ในวัยรุ่น
945    ^p600^l0^i27933
945    ^p600^l0^i27934
945    ^p600^l0^i27935
945    ^p600^l0^i27936
945    ^p600^l0^i27937
999    ^aกัณชพร จุลอักษร
รายการนี้ยังไม่มีแท็ก
คุณยังไม่ได้ล็อกอิน คุณสามารถมีกิจกรรมร่วมกับเว็บไซต์ได้ แต่ต้องล็อกอินก่อน ::
  ล็อกอิน

รายการสื่อสารสนเทศ

ลำดับที่ ประเภท เลขเรียก/บาร์โค้ด สถานที่ สถานะ
1. หนังสือสำรอง
หนังสือสำรอง
WS300 T355 ฉ.1 
  Barcode: 27933
ห้องสมุดวิทยาเขตนครสวรรค์
►หนังสือทั่วไป:l:General Books
บนชั้น
2. วิทยาศาสตร์การแพทย์ และสุขภาพ
วิทยาศาสตร์การแพทย์ และสุขภาพ
WS300 T355 ฉ.2 
  Barcode: 27934
ห้องสมุดวิทยาเขตนครสวรรค์
►หนังสือทั่วไป:l:General Books
บนชั้น
3. วิทยาศาสตร์การแพทย์ และสุขภาพ
วิทยาศาสตร์การแพทย์ และสุขภาพ
WS300 T355 ฉ.3 
  Barcode: 27935
ห้องสมุดวิทยาเขตนครสวรรค์
►หนังสือทั่วไป:l:General Books
บนชั้น
4. วิทยาศาสตร์การแพทย์ และสุขภาพ
วิทยาศาสตร์การแพทย์ และสุขภาพ
WS300 T355 ฉ.4 
  Barcode: 27936
ห้องสมุดวิทยาเขตนครสวรรค์
►หนังสือทั่วไป:l:General Books
บนชั้น
5. วิทยาศาสตร์การแพทย์ และสุขภาพ
วิทยาศาสตร์การแพทย์ และสุขภาพ
WS300 T355 ฉ.5 
  Barcode: 27937
ห้องสมุดวิทยาเขตนครสวรรค์
►หนังสือทั่วไป:l:General Books
บนชั้น

รายการใกล้เคียง
    หัวเรื่อง [Hematologic diseases]
    หัวเรื่อง [Children]

BibComment


ยังไม่เคยถูกคอมเมนท์

คอมเมนท์ทรัพยากรรายการนี้
  คอมเมนท์: Textbook of beni..


 Copyright 2026. Bcnsprnw @Library